Chicago Fire Episodes - Statistics

General Stats
  • This quiz has been taken 33 times
    6 since last reset
  • The average score is 11 of 281
Answer Stats
season episode title % Correct
1 Pilot
100%
3 Always
50%
Going to war
50%
Just Drive the Truck
50%
4 Let it Burn
50%
Merry christmas, Etc
50%
Mon Amour
50%
Red Waterfall
50%
Slamigan
50%
Superhero
50%
The Magnificent city of Chicago
50%
51's Original bell
33%
3 part crossover, starts with I p1 Infection
33%
6 It wasn't enough
33%
regarding this wedding
33%
8 Sacred Ground
33%
2112
17%
a Dark day
17%
Arrest in transit
17%
Best friend magic
17%
Chopper
17%
I'm Not leaving you
17%
part one of crossover in the trenches
17%
It Wasn't about Hockey
17%
Let Him Die
17%
Protect a child
17%
Purgatory
17%
Real Never Waits
17%
Seeing is believing
17%
Short and fat
17%
Sixty days
17%
Smash Therapy
17%
The Beating Heart
17%
Then Nick porter happened
17%
The Sky is Falling
17%
The Tendency of a drowning victim
17%
Wow me
17%
a beast like this
0%
a beautiful Life
0%
A Breaking Point
0%
A Chicago Welcome
0%
7 A Closer Eye
0%
a Coffin that Small
0%
A Couple hundred degrees
0%
acting up
0%
a favor
0%
a guy i used to know
0%
a heavy weight
0%
A Hell of a ride
0%
a Little Taste
0%
All Hard Parts
0%
all in the dark
0%
all kinds of crazy
0%
All-out mystery
0%
All the Proof
0%
Always a Catch
0%
A Man's Legacy
0%
Ambition
0%
Ambush predator
0%
13 A Monster in the field
0%
An Agent of the machine
0%
an even bigger surprise
0%
Angry is easier
0%
An Officer with grit
0%
A Nuisance Call
0%
Apologies are Dangerous
0%
A Power Move
0%
2 A Problem house
0%
A Real Shot in the arm
0%
A Real wake up call
0%
A Rocket blasting off
0%
At taste of Panama City
0%
A Volatile Mixture
0%
A white Knuckle panic
0%
Babies and Fools
0%
back with a bang
0%
Bad for the soul
0%
Badlands
0%
season 12 Barely gone
0%
bar time
0%
Better to lie
0%
birds of prey
0%
Blow this up somehow
0%
born of fire
0%
broken things
0%
Buckle up
0%
Call it Paradise
0%
call me McHolland
0%
Carry me
0%
Carry their Legacy
0%
Category 5
0%
Change of plans
0%
chaos theory
0%
Completely Shattered
0%
Counting Your Breaths
0%
cut me open
0%
damage control
0%
danger is all around
0%
Dead of winter
0%
Dead Zone
0%
Deathtrap
0%
Defcon 1
0%
Devil's bargain
0%
Don't hang up
0%
Double red
0%
Down is Better
0%
down the rabbit hole
0%
Escape route
0%
Every Scar tells a Story
0%
fault in him
0%
Finish what you Started
0%
Fire cop
0%
Fireworks
0%
Fog of war
0%
Forgive you anything
0%
Forgiving, relentless, Unconditional
0%
Foul is Fair
0%
Funny what things remind us
0%
ghosts
0%
God Has spoken
0%
halfway to the Moon
0%
Hanging on
0%
Haunted house
0%
Head count
0%
Headlong toward disaster
0%
Hiding not Seeking
0%
season 11 Hold on Tight
0%
Hold Our Ground
0%
Hot and Fast
0%
how does it end
0%
I am the apocalypse
0%
Ignite on Contact
0%
I held her hand
0%
I'll cover you
0%
inside man
0%
Inside these Walls
0%
in the blood
0%
in the rubble
0%
It Ain't Easy
0%
it had to end this way
0%
I walk Away
0%
I will be walking
0%
Joyriding
0%
Keep your mouth shut
0%
keep You Safe
0%
season 14 Kicking down doors
0%
Kind of a crazy Idea
0%
Last Chance
0%
Law of the jungle
0%
leaders lead
0%
Leaving the Station
0%
let her go
0%
Lift each other
0%
Light things up
0%
Looking for a lifeline
0%
Madmen and Fools
0%
Make this Right
0%
10 Mayday
0%
mercy
0%
Move a wall
0%
My Lucky Day
0%
My Miracle
0%
Natural born firefighter
0%
nazdarovya
0%
Nemesis
0%
never ever make a mistake
0%
never say goodbye
0%
Nobody else is dying today
0%
Nobody Touches Anything
0%
No Regrets
0%
No such thing as bad luck
0%
No survivors
0%
Not everyone makes it
0%
Not like this
0%
Off the grid
0%
One crazy shift
0%
One for the ages
0%
One hundred
0%
One Minute
0%
One more Shot
0%
on the hook
0%
On the Warpath
0%
Out with a bang
0%
permanent damage
0%
pierce the vein
0%
port in the storm
0%
post mortem
0%
Primary search
0%
Professional Courtesy
0%
Prove it
0%
Put white on me
0%
quickstand
0%
9 Rattle Second city
0%
Rear View Mirror
0%
red flag
0%
Red Rag the bull
0%
relief cut
0%
Retaliation Hit
0%
Rhymes with Shout
0%
ride the blade
0%
run like hell
0%
Santa Bites
0%
Scorched earth
0%
Sharp elbows
0%
Shoved in my face
0%
show of Force
0%
Shut it down
0%
Some make it, some don't
0%
something about her
0%
something for the pain
0%
Spartacus
0%
Take a Knee
0%
Take a shot at the king
0%
Telling her Goodbye
0%
That Day
0%
That Kind of heat
0%
the bad guy
0%
The Center of the universe
0%
The Chance to Forgive
0%
the first symptom
0%
The F is for
0%
The Grand Gesture
0%
5 The hose or the animal
0%
The last one for mom
0%
the little things
0%
the man of the moment
0%
The Missing Piece
0%
The Nuclear Option
0%
The one that Matters the most
0%
The Path of Destruction
0%
The people we meet
0%
The Plunge
0%
The Right thing
0%
The Solution to everything
0%
The Strongest Among us
0%
The Unrivaled Standard
0%
The White Whale
0%
The Whole Point of being Roommates
0%
the wrong guy
0%
Thirty Percent sleight of hand
0%
This isn't Charity
0%
Three Bells
0%
through the skin
0%
Tonight's the night
0%
too close
0%
Trading in Scuttlebutt
0%
Trapped
0%
Try like hell
0%
Two Families
0%
Two Hundred
0%
Two Ts
0%
under pressue
0%
Under the Knife
0%
Until the weather breaks
0%
Until your feet leave the ground
0%
untouchable
0%
Viral
0%
Virgin skin
0%
Warm and dead
0%
we called her Jellybean
0%
Welcome to Crazytown
0%
what comes next
0%
What happened at Whiskey Point
0%
what happened to courtney
0%
What I saw
0%
What's Inside You
0%
What Went wrong
0%
What will Define you
0%
When they see us coming
0%
When things got rough
0%
When Tortoises fly
0%
Where i want to be
0%
Where the collapse started
0%
Where we end up
0%
who lives and who dies
0%
Whom Shall i fear
0%
Winterfest
0%
You Choose
0%
You know where to find me
0%
Your day is coming
0%
You will hurt him
0%
No matching quizzes found
Score Distribution
Percent of People with Each Score
Percentile by Number Answered
Your Score History
You have not taken this quiz since the last reset